| 000 | 00483nam a2200169 a 4500 | ||
|---|---|---|---|
| 005 | 20241211063737.0 | ||
| 008 | 991125s1943 mx 000 0 spa u | ||
| 035 | _aUPN01000028432 | ||
| 049 | _aSEP | ||
| 050 | 4 |
_aF1226 _bV4.3 |
|
| 100 | 1 |
_aVejar Vázquez, Octavio, _d1900-1974 _929474 |
|
| 245 | 1 | 3 |
_aLa historia patria y la escuela mexicana / _cOctavio Véjar Vázquez. |
| 260 |
_aMéxico : _bSEP, _c1943. |
||
| 300 | _a22 p. | ||
| 651 | 4 |
_aMéxico _xHistoria _94558 |
|
| 905 | _aLibro | ||
| 999 |
_c28432 _d28432 |
||